| 000 | 00893nam a2200253 a 4500 | ||
|---|---|---|---|
| 001 | adlib96000001 | ||
| 003 | ViArRB | ||
| 005 | 200902210153555.7 | ||
| 008 | 960221s1955 dcuabcdjdbkoqu001 0deng d | ||
| 020 | _a | ||
| 022 | _a | ||
| 040 | _aAdlib | ||
| 082 | _a541.28=M | ||
| 245 | _aAnukendra rasa tantrattinte atisthana sankalpanannal | ||
| 250 | _a | ||
| 260 |
_aTrivandrum _bState Institute of Languages _c1975 |
||
| 300 |
_avii, 118p. _c |
||
| 500 | _a | ||
| 100 |
_aOvarman, Ralfty _e |
||
| 700 |
_aNayar, K Prabhakaran _a |
||
| 942 | _cBK | ||
| 653 |
_aAtomic chemistry _aMolecular chemistry _aChemistry _aSpectroscopy _aBiochemistry _aSpectrum analysis _aAcids _aBases- chemistry _aPhysical science _aScience _aChemical engineering _aBiotechnology _aChemical technology |
||
| 952 |
_w2010-06-16 _p00009068 _r2010-06-16 _40 _00 _bUL _10 _o541.28=M OVE _d2010-06-16 _70 _yBK _aUL |
||
| 999 |
_c15005 _d15004 |
||